Wages of women in 13 states, (Record no. 36022)

MARC details
000 -LEADER
fixed length control field 00905cam a22002531 4500
001 - CONTROL NUMBER
control field l 31000078
003 - CONTROL NUMBER IDENTIFIER
control field DLC
005 - DATE AND TIME OF LATEST TRANSACTION
control field 20260227111533.0
008 - FIXED-LENGTH DATA ELEMENTS--GENERAL INFORMATION
fixed length control field 780725s1931 xx 000 0 eng c
010 ## - LIBRARY OF CONGRESS CONTROL NUMBER
LC control number l 31000078
035 ## - SYSTEM CONTROL NUMBER
System control number (OCoLC)4084035
040 ## - CATALOGING SOURCE
Original cataloging agency Library, U.S. Dept of Labor
Transcribing agency OAk
Modifying agency DLC
042 ## - AUTHENTICATION CODE
Authentication code premarc
050 00 - LIBRARY OF CONGRESS CALL NUMBER
Classification number HD6093
Item number .A35 no. 85
100 1# - MAIN ENTRY--PERSONAL NAME
Personal name Pidgeon, Mary Elizabeth.
245 10 - TITLE STATEMENT
Title Wages of women in 13 states,
Statement of responsibility, etc. by Mary Elizabeth Pidgeon.
260 ## - PUBLICATION, DISTRIBUTION, ETC.
Place of publication, distribution, etc. Washington,
Name of publisher, distributor, etc. U.S. Govt. print. off.,
Date of publication, distribution, etc. 1931.
300 ## - PHYSICAL DESCRIPTION
Extent x, 213 p. incl. tables, diagrs.
Dimensions 23 cm.
490 0# - SERIES STATEMENT
Series statement Bulletin of the [United States] Women's bureau,
Volume/sequential designation no. 85
500 ## - GENERAL NOTE
General note United States Department of labor. W. N. Doak, sectetary. Women's bureau. Mary Anderson, director.
650 #0 - SUBJECT ADDED ENTRY--TOPICAL TERM
Topical term or geographic name entry element Women
General subdivision Employment
Geographic subdivision United States.
650 #0 - SUBJECT ADDED ENTRY--TOPICAL TERM
Topical term or geographic name entry element Wages
Geographic subdivision United States.
710 1# - ADDED ENTRY--CORPORATE NAME
Corporate name or jurisdiction name as entry element United States.
Subordinate unit Women's Bureau.

No items available.

Powered by Koha